| 000 | 00939nam a2200253 a 4500 | ||
|---|---|---|---|
| 001 | 52561 | ||
| 003 | BD-RjUL | ||
| 005 | 20211209075828.0 | ||
| 008 | 160921s1960 nyua 100 0 eng | ||
| 035 | _a(BD-RjUL)52681 | ||
| 035 | _a(OCoLC)1482818 | ||
| 040 |
_aDLC _cNmLcU _dOCoLC _dDLC _beng |
||
| 041 | _aeng | ||
| 082 |
_223 _a629.435 _bRAS 1960 |
||
| 110 | 2 |
_aRadiation Incorporated. _bResearch Division. _9157160 |
|
| 245 | 0 | 0 |
_aSpace trajectories: _ba symposium sponsored by the American Astronautical Society, the Advanced Research Projects Agency, and Radiation Incorporated / _cEdited by the technical staff, Research Division, Radiation Incorporated. |
| 260 |
_aNew York: _bAcademic Press, _c1960. |
||
| 300 |
_ax, 298 p.; _billus. _c24 cm. |
||
| 504 | _aIncludes bibliographies. | ||
| 650 | 0 |
_aSpace trajectories. _9157161 |
|
| 710 | 2 |
_aAmerican Astronautical Society. _9157162 |
|
| 942 |
_2ddc _cBK |
||
| 999 |
_c52561 _d52561 |
||